Multimedia Systems (Record no. 7970)
[ view plain ]
| 000 -LEADER | |
|---|---|
| fixed length control field | 00298nam a2200121Ia 4500 |
| 008 - FIXED-LENGTH DATA ELEMENTS--GENERAL INFORMATION | |
| fixed length control field | 191201s2013 xx 000 0 und d |
| 100 ## - MAIN ENTRY--PERSONAL NAME | |
| Personal name | KOEGELBUFORD, John F |
| 245 #0 - TITLE STATEMENT | |
| Title | Multimedia Systems |
| 250 ## - EDITION STATEMENT | |
| Edition statement | 14th IMP |
| 260 ## - PUBLICATION, DISTRIBUTION, ETC. (IMPRINT) | |
| Date of publication, distribution, etc | 2013 |
| Name of publisher, distributor, etc | Pearson Education |
| Place of publication, distribution, etc | NEW DELHI |
| 300 ## - PHYSICAL DESCRIPTION | |
| Extent | 463 |
| 942 ## - ADDED ENTRY ELEMENTS (KOHA) | |
| Source of classification or shelving scheme | Dewey Decimal Classification |
| Koha item type | Text Books |
| Withdrawn status | Lost status | Source of classification or shelving scheme | Damaged status | Not for loan | Collection code | Home library | Current library | Date acquired | Source of acquisition | Cost, normal purchase price | Bill Number | Total Checkouts | Full call number | Acc. no. / Barcode | Date last seen | Actual Cost, discounted price | Bill Date | Koha item type |
|---|---|---|---|---|---|---|---|---|---|---|---|---|---|---|---|---|---|---|
| Dewey Decimal Classification | BCA | PIET C-LIBRARY | PIET C-LIBRARY | 23/03/2017 | Kirti Prakashan | 689.00 | IN 5616 | 006.7 BUF | BC1212 | 04/12/2019 | 475.41 | 23/03/2017 | Text Books | |||||
| Dewey Decimal Classification | BCA | PIET C-LIBRARY | PIET C-LIBRARY | 23/03/2017 | Kirti Prakashan | 689.00 | IN 5616 | 006.7 BUF | BC1213 | 04/12/2019 | 475.41 | 23/03/2017 | Text Books | |||||
| Dewey Decimal Classification | BCA | PIET C-LIBRARY | PIET C-LIBRARY | 23/03/2017 | Kirti Prakashan | 689.00 | IN 5616 | 006.7 BUF | BC1214 | 17/10/2022 | 475.41 | 23/03/2017 | Text Books | |||||
| Dewey Decimal Classification | BCA | PIET C-LIBRARY | PIET C-LIBRARY | 23/03/2017 | Kirti Prakashan | 689.00 | IN 5616 | 006.7 BUF | BC1215 | 04/12/2019 | 475.41 | 23/03/2017 | Text Books |